[Event "Mittelfrankenliga-B2b 0506"]
[White "Muenster, Manfred"]
[Black "Kiersch, Helmut"]
[Site "Germany"]
[Round "7.3"]
[Result "1-0"]
[Date "2006.03.19"]
[WhiteElo "1923"]
[BlackElo "1898"]
[PlyCount "79"]
[EventDate "2005.10.16"]
[EventType "team-tourn"]
[EventRounds "9"]
[EventCountry "GER"]
[SourceTitle "EXT 2007"]
[Source "ChessBase"]
[SourceDate "2006.11.23"]
[SourceVersion "1"]
[SourceVersionDate "2006.11.23"]
[SourceQuality "1"]

1. e4 e5 2. Nf3 Nc6 3. Bc4 Bc5 4. c3 Nf6 5. d4 exd4 6. cxd4 Bb4+ 7. Nc3 Nxe4 8. 0-0 Bxc3 9. bxc3 0-0 10. d5 Na5 11. Bd3 Nf6 12. Bg5 d6 13. Qa4 b6 14. Qh4 h6 15. Bxh6 Bg4 16. Bg5 Bh5 17. Bxf6 Qxf6 18. Qxh5 g6 19. Qh6 Nb7 20. Nd4 a6 21. f4 Nc5 22. Bc2 Rfe8 23. Rf3 Qg7 24. Qh3 Ne4 25. Bxe4 Rxe4 26. Raf1 Ree8 27. Rg3 b5 28. a3 Qf6 29. Qd7 Re7 30. Qg4 Re4 31. h4 Re1 32. h5 Rxf1+ 33. Kxf1 Qe7 34. Kg1 Qe1+ 35. Kh2 Kg7 36. Nf5+ Kf8 37. hxg6 f6 38. g7+ Kf7 39. Qg6+ Kg8 40. Nh6# 1-0

[Event "Regionalliga NO 9495"]
[White "Kiersch, Helmut"]
[Black "Hoffmann, Ayar"]
[Site "Bayern"]
[Round "?.8"]
[Result "0-1"]
[Date "1995.??.??"]
[WhiteElo "1935"]
[BlackElo "1825"]
[PlyCount "123"]
[EventDate "1994.10.??"]
[EventType "team-tourn"]
[EventRounds "9"]
[EventCountry "GER"]
[SourceTitle "EXT 1999"]
[Source "ChessBase"]
[SourceDate "1998.11.16"]
[SourceVersion "1"]
[SourceVersionDate "1998.11.16"]
[SourceQuality "1"]
[WhiteTeam "Gunzenhausen"]
[BlackTeam "Regensburg DJK II"]
[WhiteTeamCountry "GER"]
[BlackTeamCountry "GER"]

1. e4 c5 2. Nf3 e6 3. d4 cxd4 4. Nxd4 Nc6 5. Nc3 a6 6. a3 Qc7 7. Be3 Nf6 8. Be2 Bd6 9. Ndb5 axb5 10. Nxb5 Qa5+ 11. Bd2 Bb4 12. Nd6+ Ke7 13. Bxb4 Nxb4 14. 0-0 Na6 15. b4 Qe5 16. Nc4 Qc7 17. e5 Ne4 18. Qd4 d5 19. exd6+ Nxd6 20. Nxd6 Qxd6 21. Qxg7 Bd7 22. Qg5+ Kf8 23. Rad1 Qe7 24. Qh6+ Ke8 25. Qg7 Rf8 26. Qxh7 Nc7 27. Rd2 Bc6 28. Qg7 Rd8 29. Rfd1 Rxd2 30. Rxd2 Nb5 31. Bxb5 Bxb5 32. Qe5 Bd7 33. Qb8+ Qd8 34. Qxb7 Rg8 35. g3 Rg5 36. c4 Re5 37. h4 Qc8 38. Qxc8+ Bxc8 39. f4 Re3 40. Kf2 Rxa3 41. h5 Bb7 42. b5 Rf3+ 43. Ke1 Rxg3 44. c5 Bd5 45. Rh2 Kf8 46. Kd2 Rb3 47. Kc1 Rxb5 48. Rc2 Bc6 49. h6 Kg8 50. Kd2 Kh7 51. Ke3 Kxh6 52. Kd4 f6 53. Re2 Bd5 54. c6 Rb4+ 55. Kc5 Rc4+ 56. Kd6 Rxc6+ 57. Ke7 Kg6 58. f5+ exf5 59. Rd2 Be4 60. Kd7 Ra6 61. Ke7 Kg5 62. Kf7 0-1